[Event "Vecindario Montalvo Memorial 17th"]
[Site "Vecindario"]
[Date "2025.04.15"]
[Round "4"]
[White "Quintana Arcila, Yaiza"]
[Black "Cappelle, Cedric"]
[Result "0-1"]
[WhiteElo "1512"]
[BlackElo "1774"]
[PlyCount "38"]
[EventDate "2025.04.12"]
[EventType "swiss"]
[EventRounds "9"]
[EventCountry "ESP"]
[SourceTitle "CB17_2025"]
[SourceDate "2025.04.23"]
[SourceVersion "1"]
[SourceVersionDate "2025.04.23"]
[SourceQuality "1"]

1. e4 e6 2. d4 d5 3. Bd3 dxe4 4. Bxe4 Nf6 5. Bf3 Nc6 6. Be3 e5 7. d5 Nb4 8. c4 Bf5 9. Qa4+ Nd7 10. Na3 Nd3+ 11. Kd2 Nxb2 12. Qb5 Bxa3 13. c5 0-0 14. Be2 Nf6 15. Qb3 Nxd5 16. Ke1 Nxe3 17. fxe3 Nd3+ 18. Kf1 Bxc5 19. Rd1 Qf6 0-1